[Event "Let's Play Chess!"]
[Site "http://www.queenalice.com/game.php?id=623874"]
[Date "2009.7.24"]
[Round "-"]
[White "chesscole"]
[Black "FreitasPC"]
[Result "0-1"]
[WhiteElo "1415"]
[BlackElo "1235"]

1. e4 e5 2. Nf3 Nc6 3. Bb5 a6 4. Bxc6 dxc6 5. Nc3 Bd6 6. d3 Nf6 7. Bg5 O-O 8.
O-O Re8 9. Re1 h6 10. Bxf6 Qxf6 11. Qd2 Bg4 12. Qe2 Bxf3 13. Qxf3 Qxf3 14. gxf3
Rf8 15. Rad1 f5 16. Kg2 f4 17. d4 Rad8 18. d5 Bb4 19. dxc6 bxc6 20. a3 Bxc3 0-1

[Event "AUTO-INT-1390"]
[Site "http://www.queenalice.com/game.php?id=623932"]
[Date "2009.7.24"]
[Round "1"]
[White "chesscole"]
[Black "spin27"]
[Result "0-1"]
[WhiteElo "1503"]
[BlackElo "1642"]

1. e4 e5 2. Nf3 d6 3. Nc3 Bg4 4. Be2 Nf6 5. d3 Nc6 6. Bg5 h6 7. Bh4 Be7 8. h3
Bh5 9. Qd2 O-O 10. O-O d5 11. Bxf6 Bxf6 12. Nxd5 Bxf3 13. Nxf6+ Qxf6 14. Bxf3
Rad8 15. Rfe1 Qg5 16. Qxg5 hxg5 17. c3 Rxd3 18. Rad1 Rxd1 19. Rxd1 Rd8 20. Rxd8+
Nxd8 21. Kf1 f6 22. Ke2 b6 23. g3 Nc6 24. Kd3 Kf7 25. h4 gxh4 26. gxh4 g5 27. h5
Kg7 28. Kc4 Nb8 29. Kb5 a6+ 30. Kb4 Nc6+ 31. Kc4 Na5+ 32. Kb4 c5+ 33. Ka4 Nc4
34. Be2 b5+ 35. Kb3 Nd2+ 36. Kc2 Nxe4 37. c4 Nd6 0-1

[Event "AUTO-INT-1390"]
[Site "http://www.queenalice.com/game.php?id=623933"]
[Date "2009.7.24"]
[Round "1"]
[White "spin27"]
[Black "chesscole"]
[Result "1-0"]
[WhiteElo "1662"]
[BlackElo "1483"]

1. d4 d5 2. e3 Nc6 3. c4 Nf6 4. a4 Bf5 5. b3 e6 6. Nf3 Bd6 7. Bd3 Bxd3 8. Qxd3
O-O 9. O-O Ng4 10. Ba3 Bxa3 11. Nxa3 Nb4 12. Qc3 a5 13. cxd5 Nxd5 14. Qd3 Nb4
15. Qe4 Nf6 16. Qxb7 Re8 17. Nb5 Re7 18. Nxc7 Rxc7 19. Qb6 Rc3 20. Qxd8+ Rxd8
21. Rab1 Ne4 22. Rfc1 Rxc1+ 23. Rxc1 h6 24. Ne5 Nd2 25. Rc7 f6 26. Nf7 Ra8 27.
Rd7 Nxb3 28. Rd8+ Rxd8 29. Nxd8 e5 30. dxe5 fxe5 31. f4 exf4 32. e4 Nc5 33. e5
Nbd3 34. e6 Kf8 35. Nc6 Nxa4 36. Nxa5 1-0

[Event "AUTO-INT-1390"]
[Site "http://www.queenalice.com/game.php?id=623934"]
[Date "2009.7.24"]
[Round "1"]
[White "chesscole"]
[Black "Mars"]
[Result "0-1"]
[WhiteElo "1443"]
[BlackElo "1753"]

1. e4 e5 2. Nf3 f6 3. Nc3 Be7 4. Bc4 Nh6 5. d3 Bb4 6. Bxh6 Bxc3+ 7. bxc3 gxh6 8.
d4 d6 9. dxe5 fxe5 10. O-O Bd7 11. Re1 Nc6 12. Bb5 Qe7 13. Rb1 Na5 14. Bxd7+
Qxd7 15. Qd5 O-O-O 16. Qxa5 b6 17. Qxa7 Qc6 18. Qa6+ Qb7 19. Qxb7+ Kxb7 20. Red1
h5 21. h3 Rhg8 22. a4 h6 23. a5 Rg7 24. axb6 cxb6 25. Nxe5 Rdg8 26. g3 h4 27.
Rxd6 hxg3 28. Rbxb6+ Kc7 0-1

[Event "AUTO-INT-1390"]
[Site "http://www.queenalice.com/game.php?id=623935"]
[Date "2009.7.24"]
[Round "1"]
[White "Mars"]
[Black "chesscole"]
[Result "1-0"]
[WhiteElo "1749"]
[BlackElo "1447"]

1. d4 d5 2. e3 Nf6 3. Nc3 Nc6 4. Be2 e6 5. Nf3 Bb4 6. Bd2 O-O 7. Ne5 Bd7 8. O-O
Bxc3 9. Bxc3 Nxe5 10. dxe5 Ne4 11. Bb4 c5 12. Bd2 Nxd2 13. Qxd2 Bc6 14. Bf3 Qg5
15. Qc3 d4 16. exd4 cxd4 17. Qc4 Bxf3 18. g3 Qxe5 19. Qb3 Qe4 20. Rfe1 Qc6 21.
Qd3 Bh1 22. Kf1 Qg2+ 23. Ke2 Qe4+ 24. Qxe4 Bxe4 25. Kf1 Bxc2 26. Rac1 Bd3+ 27.
Kg1 Rac8 28. Rcd1 Bc4 29. b3 1-0

[Event "AUTO-INT-1390"]
[Site "http://www.queenalice.com/game.php?id=623936"]
[Date "2009.7.24"]
[Round "1"]
[White "chesscole"]
[Black "gremioimortal"]
[Result "1-0"]
[WhiteElo "1417"]
[BlackElo "1389"]

1. e4 e6 2. Nc3 Bc5 3. d4 Bb6 4. Nf3 c5 5. Be3 Nf6 6. Bc4 h6 7. O-O g5 8. dxc5
Ba5 9. Bd4 Bxc3 10. Bxc3 Nxe4 11. Bxh8 Nxc5 12. Ne5 a6 13. Qf3 d6 14. Qxf7# 1-0

[Event "AUTO-INT-1390"]
[Site "http://www.queenalice.com/game.php?id=623937"]
[Date "2009.7.24"]
[Round "1"]
[White "gremioimortal"]
[Black "chesscole"]
[Result "0-1"]
[WhiteElo "1394"]
[BlackElo "1432"]

1. e4 e5 2. Qh5 Nc6 3. Bc4 Qf6 4. g4 g6 5. Qh3 d6 6. d3 h5 7. a3 Bxg4 8. Qg3 Nd4
9. Bb3 Bh6 10. Nd2 Bxd2+ 11. Bxd2 Bf3 12. Bg5 h4 13. Bxf6 hxg3 14. Bxh8 g2 15.
Nxf3 gxh1=Q+ 16. Kd2 Nxf3+ 17. Kc3 Qxa1 18. h4 Qe1+ 19. Kc4 b5+ 20. Kxb5 c6+ 21.
Ka6 Qxf2 22. Kb7 Qb6+ 23. Kxa8 Kd8 24. Bxf7 Kc7 25. Bxg8 Qb8# 0-1

[Event "AUTO-OPEN-1633"]
[Site "http://www.queenalice.com/game.php?id=624046"]
[Date "2009.7.24"]
[Round "1"]
[White "gremioimortal"]
[Black "chesscole"]
[Result "1-0"]
[WhiteElo "1499"]
[BlackElo "1461"]

1. e4 e5 2. Bc4 Bc5 3. Qh5 Qf6 4. d3 Qxf2+ 5. Kd1 Qf1+ 6. Kd2 Qxg2+ 7. Ne2 Qg6
8. Qxe5+ Be7 9. Nf4 Qf6 10. Qxc7 Nc6 11. Nd5 Qf2+ 12. Kc3 Qd4+ 13. Kd2 Qf2+ 14.
Kc3 Bf6+ 15. Nxf6+ Nxf6 16. Nd2 Qd4+ 17. Kb3 a5 18. c3 a4+ 19. Ka3 Qc5+ 20. b4
axb3+ 21. Kxb3 Na5+ 22. Kc2 Qxc7 23. Rg1 Nxc4 24. dxc4 Qxh2 25. Rf1 Nxe4 26. a4
Nxd2 27. Bxd2 O-O 28. Rh1 Qe2 29. Rae1 Qxc4 30. Re3 Qxa4+ 31. Kd3 Qb5+ 32. c4
Ra3+ 33. Bc3 Qf5+ 34. Kd4 Qf4+ 35. Kd3 Rxc3+ 36. Kxc3 Qxe3+ 37. Kb4 Qb6+ 38. Kc3
Qc6 39. Rh4 Qf6+ 40. Rd4 1-0

[Event "AUTO-OPEN-1633"]
[Site "http://www.queenalice.com/game.php?id=624047"]
[Date "2009.7.24"]
[Round "1"]
[White "chesscole"]
[Black "gremioimortal"]
[Result "1-0"]
[WhiteElo "1518"]
[BlackElo "1432"]

1. e4 e5 2. Nf3 Bc5 3. Nc3 Qf6 4. d3 d6 5. Bg5 Qg6 6. Nd5 Na6 7. Be2 c6 8. Nc3
Bb4 9. Qd2 f6 10. Be3 Qxg2 11. O-O-O Be6 12. b3 O-O-O 13. Rhg1 Ba3+ 14. Kb1 Qh3
15. Bxa7 Nh6 16. Rxg7 Rd7 17. Rxd7 Kxd7 18. Be3 Ng4 19. Rh1 Qg2 20. Qe1 b5 21.
Qg1 Qh3 22. Qg3 Qh5 23. Nd2 b4 24. Na4 Rb8 25. h3 Rg8 26. Rg1 Nc7 27. hxg4 Bxg4
28. Bxg4+ Rxg4 29. Qxg4+ Qxg4 30. Rxg4 Nb5 31. Rg7+ Ke6 32. Rxh7 c5 33. f4 Nc3+
34. Nxc3 bxc3 35. Nc4 Bb4 36. f5# 1-0

[Event "AUTO-OPEN-1633"]
[Site "http://www.queenalice.com/game.php?id=624068"]
[Date "2009.7.24"]
[Round "1"]
[White "araujox"]
[Black "chesscole"]
[Result "1-0"]
[WhiteElo "1794"]
[BlackElo "1424"]

1. d4 d5 2. c4 c6 3. Nf3 Bg4 4. Nc3 Nf6 5. Ne5 e6 6. Bg5 Bf5 7. Qb3 Be7 8. Qxb7
Nbd7 9. Nxd7 Nxd7 10. Bxe7 Kxe7 11. Qxc6 Rc8 12. Qa6 Qb6 13. Qxb6 Nxb6 14. e3
Nxc4 15. Bxc4 Rxc4 16. Kd2 Rb8 17. b3 Rc7 18. Rhc1 Rbc8 19. Nb5 1-0

[Event "AUTO-OPEN-1633"]
[Site "http://www.queenalice.com/game.php?id=624069"]
[Date "2009.7.24"]
[Round "1"]
[White "chesscole"]
[Black "araujox"]
[Result "0-1"]
[WhiteElo "1527"]
[BlackElo "1763"]

1. e4 e5 2. Nf3 Nc6 3. Bb5 a6 4. Bxc6 dxc6 5. Nc3 Bd6 6. d3 Nf6 7. Bg5 h6 8.
Bxf6 Qxf6 9. O-O g5 10. h3 h5 11. Re1 g4 12. hxg4 hxg4 13. Nh2 Qh4 14. Kf1 Qxh2
15. d4 Be6 16. d5 cxd5 17. exd5 Bd7 18. Ne4 Bb5+ 0-1

[Event "AUTO-OPEN-1633"]
[Site "http://www.queenalice.com/game.php?id=624082"]
[Date "2009.7.24"]
[Round "1"]
[White "chesscole"]
[Black "spin27"]
[Result "0-1"]
[WhiteElo "1514"]
[BlackElo "1631"]

1. e4 e5 2. Nf3 d6 3. Nc3 Bg4 4. Be2 Nf6 5. d3 d5 6. Bg5 dxe4 7. dxe4 Bb4 8.
Qxd8+ Kxd8 9. Nxe5 Bxe2 10. Kxe2 Ke8 11. Rad1 Bd6 12. Bxf6 gxf6 13. Ng4 Be5 14.
Nxe5 fxe5 15. Rd5 Nd7 16. Rhd1 Rd8 17. Nb5 c6 18. Nc7+ Ke7 19. Rd6 Nc5 20. R6d2
Nxe4 21. Rd3 Rd6 22. Ke3 f5 23. f3 Rxd3+ 24. Rxd3 Nd6 25. Rb3 Kd7 26. g3 Kxc7
27. f4 exf4+ 28. Kxf4 Rf8 29. h3 Re8 30. Kg5 Re2 31. c3 Rg2 32. Kf4 Nc4 33. g4
fxg4 34. hxg4 a5 35. Kf5 Ne3+ 36. Kf4 Nxg4 37. Kf3 Rg1 38. c4 h5 39. Rd3 h4 0-1

[Event "AUTO-OPEN-1633"]
[Site "http://www.queenalice.com/game.php?id=624083"]
[Date "2009.7.24"]
[Round "1"]
[White "spin27"]
[Black "chesscole"]
[Result "1-0"]
[WhiteElo "1652"]
[BlackElo "1493"]

1. d4 d5 2. e3 Nf6 3. c4 c6 4. Na3 e6 5. c5 g6 6. b4 Bg7 7. Nh3 Nbd7 8. Be2 b6
9. O-O O-O 10. Bf3 Bb7 11. Nf4 Ba6 12. Be2 Bxe2 13. Qxe2 Ne4 14. f3 Nc3 15. Qc2
Nb5 16. Nxb5 cxb5 17. c6 Nf6 18. Ne2 Qc7 19. e4 dxe4 20. fxe4 Ng4 21. Bf4 e5 22.
dxe5 Bxe5 23. Bxe5 Qxe5 24. Rf4 h5 25. Rc1 Rac8 26. Qc3 Qxc3 27. Rxc3 Rfd8 28.
h3 Rd1+ 29. Rf1 Rxf1+ 30. Kxf1 Nf6 31. Ng3 Kf8 32. e5 Nd5 33. Rc1 Nxb4 34. Rb1
Nxa2 35. Ra1 Nb4 36. Rxa7 1-0

[Event "AUTO-INT-1391"]
[Site "http://www.queenalice.com/game.php?id=624694"]
[Date "2009.7.25"]
[Round "1"]
[White "Altos"]
[Black "chesscole"]
[Result "1-0"]
[WhiteElo "1706"]
[BlackElo "1429"]

1. e4 e5 2. Nf3 Nc6 3. Bb5 a6 4. Bxc6 dxc6 5. Nxe5 Qd4 6. Nf3 Qxe4+ 7. Qe2 Qxe2+
8. Kxe2 Bg4 9. Re1 Bxf3+ 10. Kxf3+ Be7 11. g3 O-O-O 12. d3 Bc5 13. Be3 Bxe3 14.
Rxe3 Nf6 15. Nd2 Rhe8 16. Rxe8 1-0

[Event "AUTO-INT-1391"]
[Site "http://www.queenalice.com/game.php?id=624695"]
[Date "2009.7.25"]
[Round "1"]
[White "chesscole"]
[Black "Altos"]
[Result "0-1"]
[WhiteElo "1434"]
[BlackElo "1701"]

1. e4 c5 2. Nf3 e6 3. Nc3 d5 4. Bb5+ Nc6 5. d3 Bd7 6. exd5 exd5 7. Nxd5 Bd6 8.
Qe2+ Nge7 9. Nxe7 Qxe7 10. Qxe7+ Bxe7 11. Be3 Nb4 12. Bxd7+ Kxd7 13. O-O Nxc2
14. Rac1 Nxe3 15. fxe3 Rad8 16. d4 cxd4 0-1

[Event "AUTO-INT-1391"]
[Site "http://www.queenalice.com/game.php?id=624712"]
[Date "2009.7.25"]
[Round "1"]
[White "chesscole"]
[Black "ThiagoTanaka"]
[Result "0-1"]
[WhiteElo "1439"]
[BlackElo "1711"]

1. e4 c6 2. Nc3 d5 3. d3 dxe4 4. Nxe4 Bf5 5. Bf4 Bxe4 6. dxe4 Qxd1+ 7. Rxd1 e6
8. Nf3 Bc5 9. Bg5 Nd7 10. Bc4 Ngf6 11. e5 Ng4 12. h3 Ngxe5 13. Rxd7 Nxd7 14. O-O
O-O 15. Rd1 Nb6 16. Bb3 Rfe8 17. Bf4 Nd5 18. Bxd5 cxd5 19. Ne5 Rac8 20. Nd7 Be7
21. c3 Rc4 22. g3 Rd8 23. Ne5 Re4 24. f3 Re2 25. Rd2 Rxd2 26. Bxd2 d4 27. g4
dxc3 28. Bxc3 Rd5 29. Kg2 f6 30. Nc4 e5 31. Kg3 Kf7 32. a3 Ke6 33. h4 Bc5 34.
Na5 b6 35. Nc6 Rd7 36. h5 Rc7 37. Nb4 Bd4 38. Bxd4 exd4 39. Kf2 a5 0-1

[Event "AUTO-INT-1391"]
[Site "http://www.queenalice.com/game.php?id=624713"]
[Date "2009.7.25"]
[Round "1"]
[White "ThiagoTanaka"]
[Black "chesscole"]
[Result "0-1"]
[WhiteElo "1558"]
[BlackElo "1444"]

1. d4 d5 2. Bf4 Nf6 3. Nd2 Nc6 4. e3 Bf5 5. Ngf3 e6 6. c3 Bd6 7. Bxd6 Qxd6 8.
Nh4 Be4 9. Nxe4 Nxe4 10. Bd3 g5 11. Nf3 h6 12. Nd2 Nxd2 13. Qxd2 e5 14. dxe5
Nxe5 15. Bf5 Nc4 16. Qc2 Rd8 17. O-O h5 18. e4 Kf8 19. exd5 Qe5 20. Rfe1 Qf6 21.
Re4 Nd6 22. Re3 Nxf5 23. Rf3 Rxd5 24. h3 g4 25. hxg4 hxg4 0-1

[Event "AUTO-INT-1391"]
[Site "http://www.queenalice.com/game.php?id=624714"]
[Date "2009.7.25"]
[Round "1"]
[White "chesscole"]
[Black "dorszu"]
[Result "1-0"]
[WhiteElo "1465"]
[BlackElo "1643"]

1. e4 e6 2. Nc3 d5 3. exd5 exd5 4. d4 Bb4 5. Nf3 Bxc3+ 6. bxc3 Nf6 7. Bg5 h6 8.
Bh4 O-O 9. Bd3 Nc6 10. O-O g5 11. Bg3 Nh5 12. Be5 Nxe5 13. Nxe5 Nf4 14. g3 Nxd3
15. Qxd3 Bh3 16. Rfe1 Re8 17. g4 Qd6 18. Qxh3 f6 19. Nf3 f5 20. gxf5 Kh7 21.
Nxg5+ Kh8 22. Rxe8+ Rxe8 23. Nf7+ 1-0

[Event "AUTO-INT-1391"]
[Site "http://www.queenalice.com/game.php?id=624715"]
[Date "2009.7.25"]
[Round "1"]
[White "dorszu"]
[Black "chesscole"]
[Result "1-0"]
[WhiteElo "1614"]
[BlackElo "1527"]

1. d4 d5 2. c4 c6 3. Nc3 Nf6 4. a3 Bf5 5. g3 Nbd7 6. Bg2 e6 7. e3 Bd6 8. b4 O-O
9. c5 Bc7 10. e4 dxe4 11. Qe2 Re8 12. Nh3 e5 13. dxe5 Bxe5 14. Bb2 Bxc3+ 15.
Bxc3 b6 16. O-O bxc5 17. Rfd1 Qc8 18. Bxf6 Nxf6 19. Nf4 Bg4 20. Qe3 Bxd1 21.
Rxd1 cxb4 22. axb4 Rb8 23. Rd4 h6 24. Rc4 a6 25. Rc5 Rxb4 26. Qc3 Rb6 27. h4 Qd7
28. Qa5 Rb1+ 29. Bf1 Qd1 30. Qxa6 e3 31. fxe3 Rxe3 32. Ng2 Rxg3 33. Rxc6 1-0

[Event "AUTO-OPEN-1636"]
[Site "http://www.queenalice.com/game.php?id=625799"]
[Date "2009.7.28"]
[Round "1"]
[White "chesscole"]
[Black "Pegasus"]
[Result "0-1"]
[WhiteElo "1474"]
[BlackElo "1709"]

1. e4 e5 2. Nf3 d6 3. Nc3 Nf6 4. d3 Be7 5. Bg5 h6 6. Bxf6 Bxf6 7. g3 O-O 8. Bg2
Bg4 9. O-O Nc6 10. Nd5 Nd4 11. c3 Nc6 12. Re1 Ne7 13. Nxf6+ gxf6 14. h3 Bh5 15.
Qd2 Kh7 16. g4 Bg6 17. Nh4 c6 18. Nxg6 fxg6 19. d4 Qb6 20. Rad1 Rad8 21. b3 d5
22. exd5 cxd5 0-1

[Event "AUTO-OPEN-1636"]
[Site "http://www.queenalice.com/game.php?id=625800"]
[Date "2009.7.28"]
[Round "1"]
[White "Pegasus"]
[Black "chesscole"]
[Result "1-0"]
[WhiteElo "1716"]
[BlackElo "1467"]

1. d4 d5 2. c4 c6 3. Nc3 Nf6 4. Nf3 Bg4 5. Ne5 e6 6. Nxg4 Nxg4 7. h3 Nf6 8. Qc2
Bb4 9. Bd2 Nbd7 10. a3 Bxc3 11. bxc3 O-O 12. Bg5 a6 13. Rb1 Rb8 14. e3 h6 15.
Bh4 Re8 16. Bd3 Qc7 17. O-O b5 18. c5 e5 19. dxe5 Qxe5 20. Bg3 Qe7 21. Bxb8 Rxb8
22. Rfe1 1-0

[Event "AUTO-OPEN-1636"]
[Site "http://www.queenalice.com/game.php?id=625801"]
[Date "2009.7.28"]
[Round "1"]
[White "chesscole"]
[Black "Zacharias_Matuzalem"]
[Result "1-0"]
[WhiteElo "1488"]
[BlackElo "1909"]

1. e4 e6 2. Nc3 c5 3. Nf3 Nc6 4. Bb5 Nge7 5. d3 a6 6. Ba4 b5 7. Bb3 Qc7 8. a3 d5
9. exd5 Nd4 10. dxe6 Nxb3 11. exf7+ Kxf7 12. cxb3 h6 13. Be3 Nf5 14. Qe2 Bd6 15.
Nd5 Qe7 16. Nxe7 Bxe7 17. O-O Re8 18. Ne5+ Kg8 19. Ng4 Bg5 20. Rac1 Nd4 21. Qd1
Bxg4 22. Qxg4 Rxe3 23. fxe3 Bxe3+ 24. Kh1 Bxc1 25. Rxc1 Rf8 26. h3 Nxb3 27. Rc3
Nd4 28. Rxc5 Nb3 29. Qe6+ 1-0

[Event "AUTO-OPEN-1636"]
[Site "http://www.queenalice.com/game.php?id=625802"]
[Date "2009.7.28"]
[Round "1"]
[White "Zacharias_Matuzalem"]
[Black "chesscole"]
[Result "1-0"]
[WhiteElo "1922"]
[BlackElo "1446"]

1. e4 e5 2. Nf3 Nc6 3. Bc4 Bc5 4. O-O Nf6 5. d3 a6 6. a3 d6 7. h3 Qe7 8. Nc3 Be6
9. Bg5 h6 10. Bh4 Bxc4 11. dxc4 Bd4 12. Nd5 Qd8 13. Nxf6+ gxf6 14. Nxd4 Nxd4 15.
c3 Nc6 16. Qf3 Rg8 17. Bxf6 Qd7 18. Rad1 b5 19. c5 a5 20. cxd6 cxd6 21. Rd5 b4
22. Rfd1 Ra6 23. Rxd6 Qc8 24. Qd3 Ra8 25. Qb5 Rg6 26. Rxc6 1-0

[Event "AUTO-OPEN-1636"]
[Site "http://www.queenalice.com/game.php?id=625803"]
[Date "2009.7.28"]
[Round "1"]
[White "chesscole"]
[Black "jalvez"]
[Result "0-1"]
[WhiteElo "1531"]
[BlackElo "2062"]

1. e4 c5 2. Nf3 Nc6 3. Bb5 Qc7 4. Nc3 a6 5. Bxc6 Qxc6 6. d3 d6 7. Be3 g6 8. O-O
Bg7 9. Qd2 e6 10. d4 Nf6 11. Rad1 O-O 12. dxc5 dxc5 13. Ne5 Qb6 14. b3 Qb4 15.
Bf4 Nxe4 16. Nxe4 Qxe4 17. Rfe1 Qf5 18. Nf3 b5 19. Bh6 Bb7 20. Bxg7 Kxg7 21. Qd3
Qxd3 22. Rxd3 Bxf3 23. Rxf3 Rfd8 24. Rd3 Rd4 25. Rxd4 cxd4 26. Rd1 e5 27. f3 f6
28. Kf2 Rc8 29. Rd2 Kf7 30. g4 g5 31. Ke2 Ke6 32. Kd3 Rc3+ 33. Ke4 Re3# 0-1

[Event "AUTO-OPEN-1636"]
[Site "http://www.queenalice.com/game.php?id=625804"]
[Date "2009.7.28"]
[Round "1"]
[White "jalvez"]
[Black "chesscole"]
[Result "1-0"]
[WhiteElo "2183"]
[BlackElo "1529"]

1. d4 d5 2. c4 c6 3. e3 Nf6 4. Nc3 Bf5 5. Bd3 Bxd3 6. Qxd3 e6 7. Nf3 Bb4 8. O-O
Nbd7 9. a3 Bxc3 10. bxc3 Ne4 11. Nd2 Nxd2 12. Bxd2 b6 13. Rfb1 c5 14. cxd5 exd5
15. c4 dxc4 16. Qxc4 Qg5 17. Rb2 Rc8 18. e4 Qg6 19. d5 Ne5 20. Qe2 O-O 21. f4
Ng4 22. f5 Qf6 23. Rab1 Rfe8 24. Qxg4 Rcd8 25. h4 g6 26. Rb3 Qd4+ 27. Be3 Qxe4
28. Qxe4 Rxe4 29. fxg6 fxg6 30. Rd1 Rd7 31. Bg5 Re5 32. d6 Kf7 33. Rf3+ Kg8 34.
Bh6 Re8 35. Rdf1 Rdd8 36. d7 1-0